|
|
|
|
| LEADER |
00000nam0a2200000 4500 |
| 001 |
323059 |
| 005 |
20231102003532.0 |
| 035 |
|
|
|a (RuTPU)RU\TPU\book\348617
|
| 090 |
|
|
|a 323059
|
| 100 |
|
|
|a 20161007d1966 k y0rusy50 ca
|
| 101 |
0 |
|
|a rus
|
| 102 |
|
|
|a RU
|
| 105 |
|
|
|a a dm 001zy
|
| 200 |
1 |
|
|a Электрохимические основы и конструктивное оформление системы автоматического контроля кислотности околокатодного пространства в электролитах никелирования
|e автореферат диссертации на соискание ученой степени кандидата химических наук
|f А. А. Вигалок
|g Казанский химико-технологический институт им. С. М. Кирова (КХТИ) ; науч. рук. Г. С. Воздвиженский, Н. В. Гудин ; науч. конс. И. Н. Андреев
|
| 210 |
|
|
|a Казань
|c [Б. и.]
|d 1966
|
| 215 |
|
|
|a 14 с.
|c ил.
|
| 300 |
|
|
|a Защита сост. в декабре 1966 г.
|
| 320 |
|
|
|a Библиогр.: с. 14 (7 назв.)
|
| 606 |
1 |
|
|a Никелирование
|2 stltpush
|3 (RuTPU)RU\TPU\subj\46233
|9 65401
|
| 610 |
1 |
|
|a гальванические производства
|
| 610 |
1 |
|
|a электрохимические процессы
|
| 610 |
1 |
|
|a переходные металлы
|
| 610 |
1 |
|
|a электролиты
|
| 610 |
1 |
|
|a непрерывный контроль
|
| 610 |
1 |
|
|a индикаторные электроды
|
| 610 |
1 |
|
|a протягивание
|
| 610 |
1 |
|
|a измерения
|
| 610 |
1 |
|
|a погрешности
|
| 610 |
1 |
|
|a регистрация
|
| 610 |
1 |
|
|a авторефераты диссертаций
|
| 610 |
1 |
|
|a библиотека А. Г. Стромберга
|
| 675 |
|
|
|a 621.357.74:669.248(04)
|v 3
|
| 700 |
|
1 |
|a Вигалок
|b А. А.
|
| 702 |
|
1 |
|a Воздвиженский
|b Г. С.
|4 727
|
| 702 |
|
1 |
|a Гудин
|b Н. В.
|4 727
|
| 702 |
|
1 |
|a Андреев
|b И. Н.
|4 695
|
| 712 |
0 |
2 |
|a Казанский химико-технологический институт им. С. М. Кирова (КХТИ)
|c (1935-1992)
|2 stltpush
|3 (RuTPU)RU\TPU\col\3704
|
| 801 |
|
1 |
|a RU
|b 63413507
|c 20161007
|
| 801 |
|
2 |
|a RU
|b 63413507
|c 20181103
|g RCR
|
| 942 |
|
|
|c BK
|